Sagome di Stati con bandiere #4 - Statistics

Statistiche generali
  • Questo quiz è stato fatto 3.244 volte
  • Il punteggio medio è 13 su 16
Statistiche sulle risposte
con Immagini Risposta % Corretto
Francia
100%
Svezia
99%
Marocco
97%
Romania
96%
Albania
95%
Giamaica
92%
Cile
87%
Indonesia
86%
Singapore
79%
Armenia
78%
Uzbekistan
73%
Tanzania
66%
Palau
65%
Burundi
61%
Eswatini
59%
Isole Salomone
44%
Nessun quiz corrispondente trovato
Distribuzione punteggi
Percentuale di utenti per punteggio
Percentile per numero di risposta
I tuoi punteggi nel tempo
Non hai fatto questo quiz